O livro das boas maneiras (Registo nº 4356)

Detalhes MARC
000 -Etiqueta do registo
Cabeçalho 00774nam0a2200265 4500
005 - Identificador da versão
Campo de controlo 20240813122059.0
010 ## - Número internacional normalizado dos livros (ISBN)
Número (ISBN) 9895009453
021 ## - Número do Depósito Legal
Código do país PT
Número 219322/04
100 ## - Dados gerais de processamento
Dados gerais de processamento 20060119d2004 c y0pory5003 ba
102 ## - Pais de publicação ou produção
País de publicação Portugal
101 1# - Língua de publicação
Língua do texto, banda sonora, etc. Português
Língua do documento no original Inglês
215 ## - Descrição física 
Indicação específica da natureza do documento e extensão da espécie [85] p.
Outras indicações físicas muito il. color
200 1# - Titulo e menção de responsabilidade
Título próprio O livro das boas maneiras
Primeira menção de responsabilidade Vincent Jefferds
Outras menções de responsabilidade Disney
210 ## - Publicação, Distribuição, etc. 
Lugar da edição, distribuição, etc. Rio de Mouro
Nome do editor, distribuidor, etc. Everest
Data da publicação, distribuição, etc. D. L. 2004
606 ## - Nome comum usado como assunto
Número de registo de entrada de autoridade 0001631
Palavra de ordem Etiqueta
Código do sistema CA
675 ## - Classificação Decimal Universal (CDU)
Notação 395(0.05)
Edição 3ª ed.
Língua da edição per
702 #1 - Nome de autor-pessoa física (responsabilidade secundária)
Número de registo de entrada de autoridade 0000214
Palavra de ordem Disney
Outra parte do nome não tomada para palavra de ordem Walt
Datas 1901-1966
Código de função Antecedente bibliográfico
Número de registo de entrada de autoridade 0001144
Palavra de ordem Jefferds
Outra parte do nome não tomada para palavra de ordem Vincent
Código de função Compilador
Número de registo de entrada de autoridade 0000214
Palavra de ordem Disney
Outra parte do nome não tomada para palavra de ordem Walt
Datas 1901-1966
Código de função Antecedente bibliográfico
700 #1 - Nome de autor-pessoa física (responsabilidade principal)
Número de registo de entrada de autoridade 0001144
Palavra de ordem Jefferds
Outra parte do nome não tomada para palavra de ordem Vincent
966 ## - Identificação da Biblioteca
Sigla EBVEN
942 ## - Elementos de entrada adicionados (Koha)
Tipo de item no Koha Livro
Exemplares
Situação do levantamento Origin of item (home branch) (coded) Biblioteca de empréstimo Código de barras Cota Circulation type (not for loan) Tipo de documento Nota do exemplar Damaged status
  Biblioteca Escolar das Vendas Biblioteca Escolar das Vendas BEV1014 395 DIS   Livro Sem mensagem